[Event "MCR_SF24"]
[Site "?"]
[Date "2010.??.??"]
[Round "?"]
[White "Trs, Jan"]
[Black "Dlouhy, Radek"]
[Result "1/2-1/2"]
[WhiteElo "2075"]
[BlackElo "2160"]
[PlyCount "86"]
[EventDate "2010.??.??"]
[EventType "corr"]
[EventRounds "2"]
[SourceDate "2010.08.23"]

1. e4 e5 2. Nf3 Nc6 3. Bb5 a6 4. Ba4 Nf6 5. O-O Be7 6. Re1 b5 7. Bb3 O-O 8. c3
d6 9. h3 Bb7 10. d4 Re8 11. Nbd2 Bf8 12. a4 h6 13. Bc2 exd4 14. cxd4 Nb4 15.
Bb1 c5 16. b3 cxd4 17. Nxd4 bxa4 18. Rxa4 a5 19. Ba3 Nd7 20. Bxb4 axb4 21. Rxb4
Nc5 22. Bc2 g6 23. Re3 Ra2 24. N4f3 Qa8 25. Bb1 Ra1 26. Qc2 d5 27. exd5 Rxe3
28. fxe3 Bxd5 29. Rd4 Qb7 30. Ne5 Nxb3 31. Rxd5 Qxd5 32. Nxb3 Qxe5 33. Nxa1
Qxe3+ 34. Kf1 Bb4 35. Qc8+ Kg7 36. Nc2 Qc1+ 37. Ke2 Qxb1 38. Qc4 Be7 39. Ne3
Qb2+ 40. Kf3 Bd6 41. Qc6 Be5 42. Qc2 Qb6 43. Nd5 Qd4 1/2-1/2

[Event "MCR_SF24"]
[Site "?"]
[Date "2010.??.??"]
[Round "?"]
[White "Trs, Jan"]
[Black "Farny, Miroslav"]
[Result "1/2-1/2"]
[WhiteElo "2075"]
[BlackElo "1995"]
[PlyCount "71"]
[EventDate "2010.??.??"]
[EventType "corr"]
[EventRounds "2"]
[SourceDate "2010.08.23"]

1. c4 e5 2. Nc3 Nf6 3. Nf3 Nc6 4. g3 d5 5. cxd5 Nxd5 6. Bg2 Nb6 7. O-O Be7 8.
a3 O-O 9. d3 Be6 10. b4 Nd4 11. Bb2 Nxf3+ 12. Bxf3 c6 13. Ne4 Nd7 14. Qc2 Bd5
15. Nd2 a5 16. d4 exd4 17. Bxd5 cxd5 18. Bxd4 Bf6 19. Nf3 Bxd4 20. Nxd4 Ne5 21.
Rfd1 Nc4 22. bxa5 Re8 23. Qb3 Re7 24. Qb4 Rd7 25. Nb3 Nxa5 26. Rac1 Nxb3 27.
Qxb3 d4 28. Rd3 h6 29. Kg2 Qe7 30. e3 dxe3 31. Rxe3 Qf6 32. Rc4 Rad8 33. a4 g6
34. Rf4 Qc6+ 35. Ref3 Rf8 36. a5 1/2-1/2

[Event "MCR_SF24"]
[Site "?"]
[Date "2010.??.??"]
[Round "?"]
[White "Trs, Jan"]
[Black "Fejfar, Vlastimil"]
[Result "1-0"]
[WhiteElo "2075"]
[BlackElo "2186"]
[PlyCount "65"]
[EventDate "2010.??.??"]
[EventType "corr"]
[EventRounds "2"]
[SourceDate "2010.08.23"]

1. d4 Nf6 2. c4 e6 3. Nf3 Nc6 4. Nc3 d5 5. a3 g6 6. Bf4 Bd6 7. cxd5 Nxd5 8. Bh6
Nxc3 9. bxc3 Rg8 10. Qc2 f5 11. h4 Bf8 12. Bg5 Be7 13. e3 Bxg5 14. hxg5 Qe7 15.
Be2 Rg7 16. Bb5 Bd7 17. c4 O-O-O 18. Qb2 Rf8 19. Rb1 f4 20. e4 Nd8 21. a4 a6
22. Bxa6 Bc6 23. d5 exd5 24. O-O bxa6 25. Qb8+ Kd7 26. exd5 Bxa4 27. Qb2 Re8
28. Ra1 Rf7 29. Rxa4 Qd6 30. Qa1 Qc5 31. Rxa6 Qxc4 32. Rc1 Qxd5 33. Rd1 1-0

[Event "MCR_SF24"]
[Site "?"]
[Date "2010.??.??"]
[Round "?"]
[White "Trs, Jan"]
[Black "Goc, Pavel"]
[Result "1/2-1/2"]
[WhiteElo "2075"]
[BlackElo "2154"]
[PlyCount "52"]
[EventDate "2010.??.??"]
[EventType "corr"]
[EventRounds "2"]
[SourceDate "2010.08.23"]

1. d4 Nf6 2. c4 e6 3. Nf3 b6 4. g3 Bb7 5. Bg2 Be7 6. O-O O-O 7. Nc3 Ne4 8. Qc2
Nxc3 9. Qxc3 f5 10. b3 Bf6 11. Bb2 d6 12. Rad1 a5 13. Qd2 Nd7 14. Ne1 Bxg2 15.
Nxg2 Qe7 16. Qc2 Rae8 17. Rfe1 g5 18. e4 f4 19. gxf4 gxf4 20. Nxf4 Bxd4 21.
Bxd4 Rxf4 22. Kh1 e5 23. Rg1+ Kh8 24. Be3 Rff8 25. Rg3 Rg8 26. Rdg1 Rxg3
1/2-1/2

[Event "MCR_SF24"]
[Site "?"]
[Date "2010.??.??"]
[Round "?"]
[White "Trs, Jan"]
[Black "Struzka, Vlastimil"]
[Result "1/2-1/2"]
[WhiteElo "2075"]
[BlackElo "2235"]
[PlyCount "114"]
[EventDate "2010.??.??"]
[EventType "corr"]
[EventRounds "2"]
[SourceDate "2010.08.23"]

1. c4 e5 2. Nc3 Nf6 3. Nf3 Nc6 4. g3 Bb4 5. Bg2 O-O 6. O-O d6 7. d3 h6 8. Na4
a5 9. e3 Bg4 10. a3 Bc5 11. Qb3 Rb8 12. Nd2 Qd7 13. Ne4 Nxe4 14. dxe4 Rfd8 15.
Bd2 h5 16. f3 Be6 17. Qd3 Ba7 18. Nc3 Ne7 19. f4 b5 20. cxb5 exf4 21. Rxf4 Ng6
22. Rf2 Ne5 23. Qe2 h4 24. gxh4 Bc4 25. Qh5 Bxb5 26. Qg5 Bc4 27. Bf1 c6 28. b4
Ra8 29. bxa5 Rdb8 30. Qg3 Qe6 31. Ne2 Rb3 32. Rc1 Qh6 33. Qg5 Qxg5+ 34. hxg5
Bxe3 35. Bxe3 Rxe3 36. Nd4 Bxf1 37. Rfxf1 Rxa5 38. Nxc6 Nxc6 39. Rxc6 Rxg5+ 40.
Kh1 Rxa3 41. Rxd6 f6 42. Rd4 Ra2 43. Rg1 Rxg1+ 44. Kxg1 Re2 45. h4 Kh7 46. Kf1
Rh2 47. e5 fxe5 48. Re4 Kg6 49. Kg1 Rh3 50. Kg2 Kf5 51. Rxe5+ Kxe5 52. Kxh3 Kf4
53. h5 Kg5 54. h6 Kxh6 55. Kh4 Kg6 56. Kg4 Kf6 57. Kf4 g6 1/2-1/2